Patentový zákon a předpisy souvisejíci. 2.díl

Salvato in:
Dettagli Bibliografici
Natura: Libro
Lingua:ceco
Pubblicazione: Praha : NN(III, 1992
Soggetti:
Tags: Aggiungi Tag
Nessun Tag, puoi essere il primo ad aggiungerne!!

MARC

LEADER 00000nam a22000003a 4500
001 stu37565
005 20150408175843.3
008 920717s1992----cs------------------cze-d
040 |a STU  |b slo 
041 0 |a cze 
044 |a cs 
080 |a 347.77(094.5) 
245 |a Patentový zákon a předpisy souvisejíci. 2.díl 
260 |a Praha :  |b NN(III,  |c 1992 
300 |a 54 s 
650 7 |a Zákon patentový  |2 stusub 
650 7 |a patenty  |2 stusub 
650 7 |a zákony  |2 stusub 
996 |b 284M019751  |c M*B-148  |l MMKN  |s A  |a 24  |w stu37565_0001